000 00492cas a2200133u| 4500
110 1 _aBelgium.
_949392
245 1 4 _aThe war of 1914.
_bMilitary operations of Belgium in defence of the country, and to uphold her neutrality.
260 _aLondon,
_bW. H. & L. Collingridge,
_c1915-
300 _av.
_bfold. maps.
_c19 x 24 cm.
526 _a0
_b0
_c0
_d940_409493000000000
590 _aPREMARC/SERLOC merged record
650 0 _aWorld War, 1914-1918
_xCampaigns
_zBelgium.
_949393
942 _2ddc
_cBK
999 _c552182
_d552182